000 00312nam a22001337a 4500
003 SGT
082 _a923.154
_bR89H
100 _aHEALY, KATHLEEN
245 _aRAJIV GANDHI:THE YEARS OF POWER
260 _aINDIA
_bVIKAS PUB. HOUSE
_c1989
300 _a307
650 _aPRIME MINISTER OF INDIA
942 _2ddc
_cBK
999 _c25874
_d25874